| 000 | 00400nam a2200145Ia 4500 | ||
|---|---|---|---|
| 008 | 240624s9999 xx 000 0 und d | ||
| 041 | _aeng | ||
| 082 | _a658.72 LEE | ||
| 100 | _aLEENDERS MICHIEL R | ||
| 245 | _aPURCHASING AND SUPPLY MANAGEMENT WITH 50 | ||
| 250 | _a(13th ed.) | ||
| 260 |
_c2006 _aBoston _bMcGraw-Hill International Edition |
||
| 300 | _axix, : 564 : p. : cm. ; 22 | ||
| 365 |
_c _b25 |
||
| 999 |
_c4486 _d4486 |
||